Film de Vijay depuis 2000 - Statistiques

Statistiques générales
  • Ce quiz a été pris 90 fois
  • Le résultat moyen est 26 sur 45
Statistiques - réponses
Hint Réponse % Correct
2022 Beast
95%
2021 Master
95%
2023 Leo
92%
2023 Varisu
92%
2012 Thuppakki
90%
2019 Bigil
87%
2017 Mersal
85%
2015 Puli
85%
2018 Sarkar
85%
2017 Bairavaa
82%
2004 Ghilli
79%
2014 Kaththi
79%
2016 Theri
79%
2012 Nanban
77%
2007 Pokkiri
77%
2014 Jilla
72%
2008 Kuruvi
69%
2009 Villu
67%
2001 Friends
64%
2013 Thalaivaa
64%
2005 Thirupaachi
64%
2005 Sachein
62%
2005 Sivakasi
62%
2011 Velayudham
59%
2003 Thirumalai
56%
2009 Vettaikaaran
54%
2010 Vettaikaaran
54%
2006 Aathi
51%
2002 Youth
51%
2002 Bagavathi
49%
2011 Kaavalan
49%
2007 Azhagiya Tamil Magan
46%
2000 Kushi
46%
2004 Madhurey
38%
2001 Badri
33%
2001 Shahjahan
31%
2003 Vaseegara
31%
2000 Priyamaanavale
28%
2004 Udhaya
26%
2005 Sukran
23%
2002 Thamizhan
23%
2012 Rowdy Rathore
18%
2000 Kannukkul Nilavu
13%
2008 Pandhayam
13%
2003 Pudhiya Geethai
8%
Aucun quiz correspondant
Distribution des résultats
% des personnes avec chaque résultat
Percentile par nombre de réponses
Votre historique - résultats
Vous n’avez pas pris ce quiz